| 000 | 01294nmm a2200373 a 4500 | ||
|---|---|---|---|
| 003 | AR-BaBNM | ||
| 005 | 20251128205017.0 | ||
| 008 | 011101s1994 ||||||||||||||000 | spa|| | ||
| 040 | _cAR-BaBNM | ||
| 245 | 1 | 0 |
_aEl video en la educación no formal en América Latina _bde la práctica a la reflexión |
| 260 |
_aBuenos Aires _bFederación de Organismos para la Asistencia Social y Educacional Brasil _bCESPAC _bCICCUS _c1994 |
||
| 300 | 0 | _a234 p. | |
| 500 | 0 | _aFASE: Federación de Organismos para la Asistencia Social y Educacional | |
| 500 | 1 | _aCICCUS: Centro de Integración, Comunicación, Cultura y Sociedad | |
| 500 | 0 | _aAnexo | |
| 500 | 0 | _aDocumentos de los encuentros latinoamericanos de video: p. 191-234 | |
| 650 | 4 | _aTECNOLOGIA EDUCATIVA | |
| 650 | 4 | _aEDUCACION NO FORMAL | |
| 650 | 4 | _aAPRENDIZAJE VISUAL | |
| 650 | 4 | _aTECNICAS DE ENSENANZA | |
| 651 | 4 | _aAmérica Latina | |
| 653 | 0 | _aVIDEO | |
| 653 | _aINNOVACIONES EDUCATIVAS | ||
| 700 | 1 |
_aVellegia, Susana _ecompilador |
|
| 700 | 1 | _aGetino, Octavio | |
| 700 | 1 | _aCalvello, Manuel | |
| 700 | 1 | _aMéndizabal, Iván Rodrigo | |
| 700 | 1 | _aNavarro, Sergio | |
| 700 | 1 | _aGóngora, Augusto | |
| 700 | 1 | _aUrbina, Roberto | |
| 700 | 1 | _aUranga, Washington | |
| 700 | 1 | _aGonzález Manet, Enrique | |
| 942 | _cBK | ||
| 999 |
_c9673 _d9673 |
||